Mediator skills and techniques : (Record no. 432)

000 -LEADER
fixed length control field 01042cam a2200301 a 4500
001 - CONTROL NUMBER
control field 16179666
003 - CONTROL NUMBER IDENTIFIER
control field OSt
005 - DATE AND TIME OF LATEST TRANSACTION
control field 20140116120827.0
008 - FIXED-LENGTH DATA ELEMENTS--GENERAL INFORMATION
fixed length control field 100409s2010 enkk b 001 0 eng
010 ## - LIBRARY OF CONGRESS CONTROL NUMBER
LC control number 2010288660
015 ## - NATIONAL BIBLIOGRAPHY NUMBER
National bibliography number GBA880815
Source bnb
016 7# - NATIONAL BIBLIOGRAPHIC AGENCY CONTROL NUMBER
Record control number 014652496
Source Uk
020 ## - INTERNATIONAL STANDARD BOOK NUMBER
International Standard Book Number 9781847661449
035 ## - SYSTEM CONTROL NUMBER
System control number (OCoLC)ocn227931581
040 ## - CATALOGING SOURCE
Original cataloging agency UKM
Transcribing agency UKM
Modifying agency BTCTA
-- BAKER
-- YDXCP
-- BWKUK
-- BWK
-- DLC
042 ## - AUTHENTICATION CODE
Authentication code ukscp
-- lccopycat
050 00 - LIBRARY OF CONGRESS CALL NUMBER
Classification number K2390.B68 2010
100 1# - MAIN ENTRY--PERSONAL NAME
Personal name Boulle, Laurence
245 10 - TITLE STATEMENT
Title Mediator skills and techniques :
Remainder of title triangle of influence /
Statement of responsibility, etc Laurence Boulle and Miryana Nesic.
260 ## - PUBLICATION, DISTRIBUTION, ETC. (IMPRINT)
Place of publication, distribution, etc Haywards Heath :
Name of publisher, distributor, etc Bloomsbury Professional ,
Date of publication, distribution, etc 2010.
300 ## - PHYSICAL DESCRIPTION
Extent xv, 811 p. :
Other physical details forms
504 ## - BIBLIOGRAPHY, ETC. NOTE
Bibliography, etc Includes bibliographical references and index.
650 #0 - SUBJECT ADDED ENTRY--TOPICAL TERM
Topical term or geographic name as entry element Mediation.
700 1# - ADDED ENTRY--PERSONAL NAME
Personal name Nesic, Miryana
906 ## - LOCAL DATA ELEMENT F, LDF (RLIN)
a 7
b cbc
c copycat
d 2
e ncip
f 20
g y-gencatlg
942 ## - ADDED ENTRY ELEMENTS (KOHA)
Source of classification or shelving scheme
Koha item type Book
Holdings
Withdrawn status Lost status Source of classification or shelving scheme Damaged status Not for loan Home library Current library Date acquired Source of acquisition Total Checkouts Full call number Barcode Date last seen Date checked out Copy number Price effective from Koha item type
          Riara University Library Riara University Library 19/10/2011 Purchase 4 K2390.B68 2010 770/11 05/06/2024 15/05/2024 C.1 19/10/2011 Book
          Riara University Library Riara University Library 19/10/2011 Purchase 1 K2390.B68 2010 771/11 06/06/2024 22/05/2024 C.2 19/10/2011 Book
          Riara University Library Riara University Library 19/10/2011 Purchase 1 K2390.B68 2010 772/11 06/06/2024 15/05/2024 C.3 19/10/2011 Book

Riara University Library,
P.O. Box 49940-00100,
Nairobi, Kenya.